000 00207nam a2200085Ia 4500
008 120527s9999 xx 000 0 und d
100 _aKRISHNA, M.V.A
245 _aComposition of cosmic radiation.
942 _cBK
999 _c24194
_d24194